| 000 | 00708nam a2200289Ia 4500 | ||
|---|---|---|---|
| 005 | 20260324135144.0 | ||
| 008 | 008 260324s9999 xx 000 0 eng d | ||
| 020 | _a9780080504407 | ||
| 037 | _aEBOOK | ||
| 040 | _aCRL | ||
| 040 | _beng | ||
| 040 | _cCRL | ||
| 041 | _2eng | ||
| 041 | _aeng | ||
| 084 | _qCRL | ||
| 100 |
_aNatalie Phillips; Thomas Ohanian _91199546 |
||
| 245 | 0 | _aDigital Filmmaking | |
| 245 | 4 | _bThe Changing Art and Craft of Making Motion Pictures | |
| 260 | _bTaylor and Francis | ||
| 260 | _c2000 | ||
| 365 | _a | ||
| 365 | _b230 | ||
| 856 | _uhttp://www.taylorfrancis.com/books/9780080504407 | ||
| 942 | _cEBOOK | ||
| 999 |
_c1800327 _d1800327 |
||